[Event "ch-FRA Blitz Online Qual"]
[Site "Europe-Chess INT"]
[Date "2020.05.16"]
[Round "10"]
[White "Manvieu, Paul"]
[Black "Serieys, Philippe"]
[Result "1/2-1/2"]
[WhiteElo "1018"]
[BlackElo "1210"]
[WhiteFideId "651000482"]
[BlackFideId "36092576"]
[EventDate "2020.05.16"]

1. e4 c5 2. Nf3 Nc6 3. d4 cxd4 4. Nxd4 e5 5. Nf3 d5 6. Nc3 d4 7. Ne2 Be6 8. c3
Bc5 9. cxd4 Nxd4 10. Nc3 Nf6 11. Nxe5 O-O 12. Nf3 Nxf3+ 13. Qxf3 Qb6 14. Be2 Bg4
15. Qd3 Rad8 16. Qc2 Bxe2 17. Qxe2 Rfe8 18. O-O Rd4 19. b3 Red8 20. Na4 Qd6 21.
Nxc5 Qxc5 22. Be3 Rxe4 23. Bxc5 Rxe2 24. Bxa7 Rdd2 25. Rac1 h6 26. Rc8+ Kh7 27.
a4 Rb2 28. Rc3 Ne4 29. Rf3 f6 30. Bd4 Nd2 31. Bxb2 Nxf3+ 32. gxf3 Rxb2 33. Ra1
Rxb3 34. a5 Rxf3 35. Kg2 Rf5 36. Kg3 Rg5+ 37. Kf3 Rf5+ 38. Kg3 Rg5+ 39. Kf3 Kg6
40. h4 Rf5+ 41. Kg3 Rb5 42. Kg4 f5+ 43. Kg3 Kf6 44. h5 g5 45. hxg6 Kxg6 46. f4
Kf6 47. Kh4 Rb4 48. Kg3 Kg6 49. Ra2 Kf6 50. Ra1 Rb3+ 51. Kh4 Ke6 52. Re1+ Kf6
53. Ra1 Rb4 54. Kg3 1/2-1/2

[Event "ch-FRA Blitz Online Qual"]
[Site "Europe-Chess INT"]
[Date "2020.05.16"]
[Round "10"]
[White "Gheorghin, Felix"]
[Black "Muller, Patrick"]
[Result "1-0"]
[WhiteElo "1310"]
[BlackElo "1582"]
[WhiteFideId "651027240"]
[BlackFideId "20669216"]
[EventDate "2020.05.16"]

1. e4 e5 2. Nf3 Nc6 3. Bc4 d6 4. d3 Be7 5. h3 Nf6 6. Bg5 h6 7. Bh4 Bd7 8. Nc3 a6
9. O-O O-O 10. Qd2 b5 11. Bb3 Rb8 12. Bxf6 Bxf6 13. Nd5 Be6 14. Nc3 Qe7 15. Bd5
Nb4 16. Bxe6 fxe6 17. a3 Nc6 18. Ne2 Nd8 19. Qa5 Rb6 20. Rac1 Nb7 21. Qd2 c5 22.
b4 Rc8 23. bxc5 Rxc5 24. d4 exd4 25. Nexd4 Bxd4 26. Qxd4 e5 27. Qe3 Rbc6 28. Qd3
Qc7 29. Ne1 Rc3 30. Qd2 Rxa3 31. Qb4 Rac3 32. f4 R6c4 33. Qb2 Rxe4 34. fxe5 Rxe5
35. Qa2+ Kh7 36. Qxa6 Rc6 37. Qa8 Qc8 38. Qxc8 Rxc8 39. Rf7 Nc5 40. Nf3 Rd5 41.
Nh4 Ne6 42. Nf5 Kg6 43. Ne7+ Kxf7 44. Nxc8 Rd2 45. Nb6 Nd4 46. Nc8 Ne2+ 47. Kf1
Nxc1 48. Nxd6+ Ke6 49. Ne4 Rxc2 50. Ke1 1-0

[Event "ch-FRA Blitz Online Qual"]
[Site "Europe-Chess INT"]
[Date "2020.05.16"]
[Round "10"]
[White "Ngomane, Max"]
[Black "Payet, Thomas"]
[Result "0-1"]
[WhiteElo "1278"]
[BlackElo "1356"]
[WhiteFideId "651049791"]
[BlackFideId "45151300"]
[EventDate "2020.05.16"]

1. d4 d5 2. c4 c6 3. Nf3 Bg4 4. h3 Bxf3 5. gxf3 Nf6 6. e3 c5 7. Nc3 cxd4 8. Qxd4
Nc6 9. Qd3 dxc4 10. Qxd8+ Nxd8 11. Bxc4 Nc6 12. Bd2 O-O-O 13. O-O-O e6 14. Bb5
a6 15. Bxc6 bxc6 16. Na4 Kb7 17. Nc5+ Bxc5 18. Rhg1 g6 19. Bc3 Be7 20. Bxf6 Bxf6
21. Rg4 Rxd1+ 22. Kxd1 Rd8+ 23. Kc2 h5 24. Rb4+ Kc7 25. a4 Be7 26. Rb3 Rd5 27.
e4 Ra5 28. Rd3 Rxa4 29. b3 Ra2+ 30. Kb1 Rxf2 31. Rd4 Rf1+ 32. Ka2 Rf2+ 33. Kb1
Rf1+ 34. Ka2 Bf6 35. Rd3 Ra1# 0-1

[Event "ch-FRA Blitz Online Qual"]
[Site "Europe-Chess INT"]
[Date "2020.05.16"]
[Round "10"]
[White "De Nave, Julien"]
[Black "Lovichi, Raphael"]
[Result "0-1"]
[WhiteElo "1177"]
[BlackElo "1406"]
[WhiteFideId "45188360"]
[BlackFideId "45172935"]
[EventDate "2020.05.16"]

1. e4 c5 2. Nf3 e6 3. d4 cxd4 4. Nxd4 Nf6 5. Nc3 Nc6 6. Nb3 Bb4 7. a3 Bxc3+ 8.
bxc3 Nxe4 9. Qg4 Nf6 10. Qxg7 Rg8 11. Qh6 Rg6 12. Qd2 Ne4 13. Qd3 d5 14. Be2 Qf6
15. O-O Qxc3 16. Qxc3 Nxc3 17. Bd3 Rg8 18. Bxh7 Rh8 19. Bd3 Na4 20. Bb5 Bd7 21.
Bxa4 O-O-O 22. Bb2 Rhg8 23. Bxc6 Bxc6 24. Nd4 Bd7 25. Rac1 e5 26. Nf3 e4 27. Ne5
Bh3 28. Nxf7 Bxg2 29. Nxd8 Bf3+ 30. Bg7 Rxg7# 0-1

[Event "ch-FRA Blitz Online Qual"]
[Site "Europe-Chess INT"]
[Date "2020.05.16"]
[Round "10"]
[White "Courcelle, Victor"]
[Black "Charousset, Donovan"]
[Result "0-1"]
[WhiteElo "1314"]
[BlackElo "1204"]
[WhiteFideId "45177392"]
[BlackFideId "45167699"]
[EventDate "2020.05.16"]

1. c4 c5 2. Nc3 Nc6 3. Nf3 Nf6 4. e3 e6 5. Be2 Be7 6. O-O O-O 7. Re1 Re8 8. d4
cxd4 9. exd4 Bb4 10. Bd2 Bxc3 11. Bxc3 Ne4 12. Qc2 Nxc3 13. Qxc3 Qf6 14. Ne5
Nxe5 15. dxe5 Qg5 16. b3 b6 17. Qf3 Rb8 18. Qh5 Qxh5 19. Bxh5 g6 20. Bf3 Bb7 21.
Bxb7 Rxb7 22. Rad1 Rd8 23. Rd2 Kf8 24. Red1 Ke7 25. f4 Rc7 26. g3 Rc6 27. Rd4 d6
28. exd6+ Rdxd6 29. Rxd6 Rxd6 30. Rxd6 Kxd6 31. Kf2 e5 32. Ke3 h6 33. fxe5+ Kxe5
34. h3 f5 35. a4 g5 36. b4 h5 37. b5 f4+ 38. gxf4+ gxf4+ 39. Kf3 Kf5 40. h4 Ke5
41. Ke2 Ke4 42. a5 f3+ 43. Kf2 Kd4 44. axb6 axb6 45. Kxf3 Kxc4 46. Kf4 Kxb5 47.
Kg5 Kc5 48. Kxh5 b5 49. Kg6 b4 50. h5 b3 51. h6 b2 52. h7 b1=Q+ 53. Kg7 Qb7+ 54.
Kh8 Kd6 55. Kg8 Qb8+ 56. Kg7 Qc7+ 57. Kg8 Qd8+ 58. Kg7 Qd7+ 59. Kg8 Qg4+ 60. Kh8
Qh5 61. Kg7 Qg5+ 62. Kh8 Qd8+ 63. Kg7 Qe7+ 64. Kg8 Ke6 65. Kh8 Kf6 66. Kg8 Qg7# 0-1

[Event "ch-FRA Blitz Online Qual"]
[Site "Europe-Chess INT"]
[Date "2020.05.16"]
[Round "10"]
[White "Lebrun, Mathieu"]
[Black "Cherfils, Richard"]
[Result "1-0"]
[WhiteElo "1177"]
[BlackElo "1356"]
[WhiteFideId "36094099"]
[BlackFideId "36072362"]
[EventDate "2020.05.16"]

1. e4 e6 2. d4 d5 3. e5 c5 4. c3 Nc6 5. Nf3 f6 6. Bf4 fxe5 7. Bxe5 Nf6 8. Nbd2
Be7 9. Rb1 O-O 10. Bb5 a6 11. Ba4 b5 12. Bc2 c4 13. O-O a5 14. Qe2 b4 15. cxb4
axb4 16. Ng5 h6 17. Nh3 Ba6 18. Nf3 c3 19. Bd3 Bxd3 20. Qxd3 Rxa2 21. bxc3 bxc3
22. Qxc3 Qc8 23. Qd3 Ra3 24. Qc2 Ne4 25. Nf4 Rc3 26. Qe2 Nxe5 27. Nxe5 Rxf4 28.
f3 Ng5 29. Ng6 Rf6 30. Nxe7+ 1-0

[Event "ch-FRA Blitz Online Qual"]
[Site "Europe-Chess INT"]
[Date "2020.05.16"]
[Round "10"]
[White "Baudouin, Moise"]
[Black "Citores, Mathis"]
[Result "1-0"]
[WhiteElo "1135"]
[BlackElo "1288"]
[WhiteFideId "45116369"]
[BlackFideId "45148350"]
[EventDate "2020.05.16"]

1. c4 e5 2. g3 Nc6 3. Bg2 b6 4. Nf3 Bb7 5. d4 e4 6. Nfd2 d5 7. cxd5 Nxd4 8. Nxe4
Qxd5 9. O-O Qd8 10. Nbc3 Bxe4 11. Bxe4 Rc8 12. Be3 Bc5 13. Bxd4 Bxd4 14. Bc6+
Kf8 15. Qb3 Bxc3 16. Qxc3 Ne7 17. Rad1 Nxc6 18. Rxd8+ Rxd8 19. Qxc6 Rd2 20. Qxc7
g6 21. Qc8+ Kg7 22. Qc3+ Kf8 23. Qxd2 1-0

[Event "ch-FRA Blitz Online Qual"]
[Site "Europe-Chess INT"]
[Date "2020.05.16"]
[Round "10"]
[White "Remtoula, Naushad"]
[Black "Le Neindre, Yael"]
[Result "0-1"]
[WhiteElo "1126"]
[BlackElo "1258"]
[WhiteFideId "551060019"]
[BlackFideId "551064260"]
[EventDate "2020.05.16"]

1. c4 e5 2. g3 Nf6 3. Bg2 Nc6 4. Nc3 Bb4 5. Nd5 Nxd5 6. cxd5 Ne7 7. e4 d6 8.
Qa4+ Bd7 9. Qxb4 O-O 10. Qxb7 a5 11. Qb3 Ng6 12. Ne2 Re8 13. Qf3 Qc8 14. O-O Bg4
15. Qe3 Qa6 16. f3 Bd7 17. f4 Bb5 18. Rf2 exf4 19. Nxf4 Ne5 20. b3 Ng4 21. Bb2
Nxe3 22. dxe3 f6 23. Ne6 Rac8 24. Rf4 c6 25. Rg4 g6 26. Bxf6 cxd5 27. exd5 Bd7 0-1

[Event "ch-FRA Blitz Online Qual"]
[Site "Europe-Chess INT"]
[Date "2020.05.16"]
[Round "11"]
[White "Guseinov, Gadir"]
[Black "Bellahcene, Bilel"]
[Result "1/2-1/2"]
[WhiteTitle "GM"]
[BlackTitle "GM"]
[WhiteElo "2665"]
[BlackElo "2501"]
[WhiteFideId "13401378"]
[BlackFideId "696358"]
[EventDate "2020.05.16"]

1. e4 c5 2. Nc3 a6 3. Nf3 d6 4. d4 cxd4 5. Nxd4 Nf6 6. Be3 e5 7. Nf3 Qc7 8. Nd2
Be7 9. Nc4 Nbd7 10. a4 b6 11. a5 bxa5 12. Bd3 O-O 13. O-O Nc5 14. Bxc5 Qxc5 15.
Rxa5 Qc7 16. Qa1 Bb7 17. Ne3 Qb6 18. Ncd5 Nxd5 19. Nxd5 Bxd5 20. Rxd5 a5 21. b3
g6 22. Kh1 Kg7 23. Qa4 Rfc8 24. Rb5 Qa7 25. Bc4 Rc5 26. Rxc5 Qxc5 27. Qd7 Ra7
28. Qe8 Bg5 29. Bd3 Re7 30. Qa4 Qb4 31. Qc6 Qc5 32. Qa4 Qb4 33. Ra1 Qxa4 34.
Rxa4 Bd2 35. g3 Rc7 36. Kg2 Bb4 37. Ra1 Kf6 38. Bc4 Kg7 39. Bd3 Kf6 40. Bc4 Kg7
41. Bd3 1/2-1/2

[Event "ch-FRA Blitz Online Qual"]
[Site "Europe-Chess INT"]
[Date "2020.05.16"]
[Round "11"]
[White "Bauer, Christian"]
[Black "Safarli, Eltaj"]
[Result "1-0"]
[WhiteTitle "GM"]
[BlackTitle "GM"]
[WhiteElo "2623"]
[BlackElo "2598"]
[WhiteFideId "603767"]
[BlackFideId "13402129"]
[EventDate "2020.05.16"]

1. d4 Nf6 2. Nf3 g6 3. Nc3 d5 4. Bf4 Bg7 5. Nb5 Na6 6. e3 O-O 7. h3 Ne4 8. c3 c6
9. Na3 Qb6 10. Qb3 Nb8 11. Be2 Bf5 12. O-O Nd7 13. Rfc1 Rfe8 14. Bh2 e5 15. Bf1
exd4 16. cxd4 Qxb3 17. axb3 a6 18. Nc2 Bf8 19. Nce1 Bd6 20. g3 Re7 21. Nd3 Rae8
22. b4 h6 23. Nc5 Bxc5 24. bxc5 Ng5 25. Nxg5 hxg5 26. g4 Be4 27. Ra3 Bf3 28. Bd6
Re6 29. Rb3 b5 30. Ra3 Nb8 31. Bxb8 Rxb8 32. Rxa6 f5 33. Rca1 fxg4 34. hxg4 Bxg4
35. Ra8 Rxa8 36. Rxa8+ Kf7 37. Rb8 Bf5 38. Kg2 Re8 39. Rb7+ Re7 40. Rb6 Rc7 41.
Kg3 Bd7 42. Be2 Ra7 43. Bg4 Be8 44. Bc8 Ke7 45. Bb7 Ra2 46. Bxc6 Bxc6 47. Rxc6
Rxb2 48. Rxg6 b4 49. Rxg5 b3 50. Rg7+ Ke6 51. Rb7 Rb1 52. Kf4 b2 53. f3 Kf6 54.
Rb6+ Ke7 55. Ke5 Re1 56. Rb7+ Ke8 57. Rxb2 Re2 58. Rxe2 1-0

[Event "ch-FRA Blitz Online Qual"]
[Site "Europe-Chess INT"]
[Date "2020.05.16"]
[Round "11"]
[White "Gozzoli, Yannick"]
[Black "Lagarde, Maxime"]
[Result "1-0"]
[WhiteTitle "GM"]
[BlackTitle "GM"]
[WhiteElo "2600"]
[BlackElo "2655"]
[WhiteFideId "616915"]
[BlackFideId "662399"]
[EventDate "2020.05.16"]

1. d4 Nc6 2. d5 Ne5 3. f4 Ng6 4. e4 e6 5. dxe6 fxe6 6. Nf3 Bc5 7. Bd3 d5 8. Qe2
Nf6 9. Nc3 O-O 10. g3 c6 11. e5 Ng4 12. Rf1 Nh6 13. Ng5 Qe8 14. Bd2 Nf5 15.
O-O-O h6 16. Nf3 b5 17. g4 Nfe7 18. g5 Nxf4 19. Bxf4 Rxf4 20. gxh6 Qh5 21. hxg7
Bd7 22. h4 Nf5 23. Bxf5 Rxf5 24. Qd3 Re8 25. Ne2 Qh6+ 26. Ng5 Qxh4 27. Rxf5 exf5
28. Nf3 Qh6+ 29. Kb1 Qe3 30. Rh1 Qxd3 31. cxd3 Kxg7 32. d4 Be7 33. Rg1+ Kf7 34.
Nf4 Rh8 35. e6+ Ke8 36. exd7+ Kxd7 37. Ne5+ Ke8 38. Nxc6 Bd6 39. Nxd5 1-0

[Event "ch-FRA Blitz Online Qual"]
[Site "Europe-Chess INT"]
[Date "2020.05.16"]
[Round "11"]
[White "Laurent-Paoli, Pierre"]
[Black "Mamedov, Rauf"]
[Result "0-1"]
[WhiteTitle "FM"]
[BlackTitle "GM"]
[WhiteElo "2402"]
[BlackElo "2654"]
[WhiteFideId "26017962"]
[BlackFideId "13401653"]
[EventDate "2020.05.16"]

1. d4 Nf6 2. c4 g6 3. Nc3 Bg7 4. e4 O-O 5. Nf3 d6 6. Be2 c6 7. O-O e5 8. Be3
exd4 9. Nxd4 Re8 10. Qc2 Qe7 11. f3 d5 12. cxd5 cxd5 13. Bg5 Qe5 14. Bxf6 Qxf6
15. Rad1 dxe4 16. Nxe4 Qb6 17. Qc5 Qxc5 18. Nxc5 Nd7 19. Nxd7 Bxd7 20. Bc4 Rac8
21. Bb3 a5 22. a4 Red8 23. Rfe1 Bxa4 24. Bxa4 Bxd4+ 25. Kf1 Bxb2 26. Rxd8+ Rxd8
27. Re7 b6 28. Bb3 Rf8 29. Rb7 Bd4 30. g4 g5 31. Ke2 Kg7 32. Kd3 Bc5 33. Ke4 Kf6
34. Rc7 Re8+ 35. Kd3 Re3+ 36. Kc2 Be7 37. Rc6+ Kg7 38. Rxb6 Rxf3 39. Rb5 Bf6 40.
Bd5 Rf2+ 41. Kd3 a4 42. Ra5 Rf4 43. h3 a3 44. Ke3 Bb2 45. Ra7 h6 46. Ra6 Rf1 47.
Bc4 Re1+ 48. Kf3 Rc1 49. Bd5 Rc3+ 50. Kg2 Rd3 51. Bc4 Rd4 52. Bb3 Rd2+ 53. Kf1
Rd3 54. Bc4 Rxh3 55. Kg2 Rc3 56. Bd5 Rd3 57. Ba2 Bf6 58. Bc4 Rd4 59. Be2 Rd2 60.
Kf3 a2 61. Bc4 a1=Q 0-1

[Event "ch-FRA Blitz Online Qual"]
[Site "Europe-Chess INT"]
[Date "2020.05.16"]
[Round "11"]
[White "Delorme, Alban"]
[Black "Baklan, Vladimir"]
[Result "0-1"]
[WhiteTitle "FM"]
[BlackTitle "GM"]
[WhiteElo "2322"]
[BlackElo "2587"]
[WhiteFideId "623636"]
[BlackFideId "14102196"]
[EventDate "2020.05.16"]

1. d4 Nf6 2. Nf3 g6 3. g3 Bg7 4. Bg2 O-O 5. O-O c6 6. c4 d6 7. b3 Bf5 8. Nh4 Bd7
9. Bb2 Qc8 10. e4 Bh3 11. e5 dxe5 12. dxe5 Ne8 13. f4 Bxg2 14. Kxg2 Na6 15. Nc3
Nec7 16. Ne4 Rd8 17. Qe2 Ne6 18. f5 Nd4 19. Bxd4 Rxd4 20. e6 f6 21. fxg6 hxg6
22. Nxg6 Qe8 23. Nh4 Rad8 24. Nf5 Nc7 25. Qg4 Nxe6 26. Nxd4 Nxd4 27. Rxf6 Nc2
28. Qe6+ Kh8 29. Rf4 Ne3+ 30. Kg1 Qh5 31. Rh4 Qxh4 32. gxh4 Bxa1 33. Qh6+ Kg8
34. Qxe3 Bd4 35. Kf2 Kg7 36. Nc5 Bxe3+ 37. Kxe3 Rh8 38. Nxb7 Rxh4 39. Nd8 c5 40.
Ne6+ Kf6 41. Nxc5 Rxh2 42. Ne4+ Ke5 43. Nf2 Rg2 44. Nd3+ Kd6 45. c5+ Kc6 46. a3
a5 47. Kd4 Rg4+ 48. Ke5 Rh4 49. b4 a4 50. Ne1 Rh3 51. Nc2 Kc7 52. b5 Rc3 53. Nb4
Rxc5+ 54. Ke6 Rxb5 55. Nd5+ Kc6 56. Nxe7+ Kc5 57. Nd5 Rb3 58. Ke5 Rxa3 0-1

[Event "ch-FRA Blitz Online Qual"]
[Site "Europe-Chess INT"]
[Date "2020.05.16"]
[Round "11"]
[White "Popov, Konstantin"]
[Black "Velten, Paul"]
[Result "0-1"]
[WhiteTitle "FM"]
[BlackTitle "GM"]
[WhiteElo "2366"]
[BlackElo "2480"]
[WhiteFideId "34137910"]
[BlackFideId "681091"]
[EventDate "2020.05.16"]

1. e4 e6 2. d4 d5 3. Nc3 Nc6 4. Nf3 Nf6 5. e5 Ne4 6. Bd3 Bb4 7. Bd2 Nxd2 8. Qxd2
Bd7 9. a3 Be7 10. Ne2 g5 11. h4 g4 12. Nh2 h5 13. g3 Bf8 14. c3 Bh6 15. Nf4 Qe7
16. Nf1 O-O-O 17. Qc2 Bxf4 18. gxf4 f6 19. Ng3 fxe5 20. fxe5 Rdf8 21. O-O-O Kb8
22. Rdf1 Be8 23. Qe2 Rf4 24. Qe3 Rhf8 25. Be2 Na5 26. b4 Nc4 27. Bxc4 dxc4 28.
Kb2 Bg6 29. Rh2 Rf3 30. Qe1 Qd7 31. Rg1 Qa4 32. Qd1 Rxf2+ 0-1

[Event "ch-FRA Blitz Online Qual"]
[Site "Europe-Chess INT"]
[Date "2020.05.16"]
[Round "11"]
[White "Piorun, Kacper"]
[Black "Vedmediuc, Serghei"]
[Result "1/2-1/2"]
[WhiteTitle "GM"]
[BlackTitle "IM"]
[WhiteElo "2601"]
[BlackElo "2464"]
[WhiteFideId "1130420"]
[BlackFideId "13900790"]
[EventDate "2020.05.16"]

1. d4 d5 2. c4 c6 3. cxd5 cxd5 4. Bg5 Nc6 5. Nc3 h6 6. Bh4 g5 7. Bg3 Bg7 8. e3
Nf6 9. Bd3 Bg4 10. Qb3 Na5 11. Qa4+ Bd7 12. Qc2 Rc8 13. Nf3 Nc6 14. Qd2 O-O 15.
Ne5 Nh5 16. Nxd7 Qxd7 17. Qe2 Nxg3 18. hxg3 e6 19. g4 f5 20. O-O Ne7 21. gxf5
exf5 22. Rac1 a6 23. b3 b5 24. a4 b4 25. Nb1 a5 26. Ba6 Rc7 27. Qd2 f4 28. Rxc7
Qxc7 29. exf4 Rxf4 30. Qe2 Qd6 31. Nd2 Nf5 32. Qe8+ Bf8 33. Bd3 Nxd4 34. Re1 Qf6
35. Qd7 Qf7 36. Qxf7+ Rxf7 37. Re5 Rd7 38. Kf1 Kg7 39. g4 Be7 40. Re3 Bf6 41.
Ba6 Rc7 42. Rd3 Rc3 43. f3 Be5 44. Kf2 Kf6 45. Ke3 Nc2+ 46. Ke2 Rxd3 47. Kxd3
Nd4 48. Bb7 Ke6 49. Bc8+ Kd6 50. Ba6 Ne6 51. Bb5 Bf4 52. Nf1 Nc5+ 53. Kc2 Ke5
54. Bc6 d4 55. Bb5 Kd5 56. Bc4+ Ke5 57. Bb5 Kd6 58. Bc4 Nd7 59. Bd3 Ne5 60. Be4
Kc5 61. Nd2 Bxd2 62. Kxd2 d3 63. Ke3 d2 64. Kxd2 Kd4 65. Ba8 Ng6 66. Bb7 Nf4 67.
Ba8 Ne6 68. Be4 Nc5 69. Bc2 Nd7 70. Bd3 Ne5 71. Be2 Ng6 72. Bd3 Nf4 73. Bc2 Nd5
74. Be4 Ne3 75. Bd3 Ng2 76. Bc2 Nf4 77. Be4 h5 78. gxh5 Nxh5 79. Bg6 Nf4 80. Bc2
Nd5 81. Bh7 Nc3 82. Bc2 Nd5 83. Bh7 Nf6 84. Bg6 g4 85. fxg4 Nxg4 86. Bf7 1/2-1/2

[Event "ch-FRA Blitz Online Qual"]
[Site "Europe-Chess INT"]
[Date "2020.05.16"]
[Round "11"]
[White "Msellek, Ilyass"]
[Black "Terrieux, Kevin"]
[Result "0-1"]
[WhiteTitle "FM"]
[BlackTitle "IM"]
[WhiteElo "2316"]
[BlackElo "2448"]
[WhiteFideId "675938"]
[BlackFideId "622591"]
[EventDate "2020.05.16"]

1. e4 c5 2. Nf3 e6 3. g3 Nc6 4. Bg2 Nf6 5. Qe2 d6 6. O-O Be7 7. c3 O-O 8. d4 d5
9. e5 Ne4 10. Nbd2 Nxd2 11. Bxd2 cxd4 12. cxd4 Qb6 13. Bc3 a5 14. h4 a4 15. h5
h6 16. Rfd1 a3 17. b3 Bd7 18. Nh2 Nb4 19. Ng4 Rfc8 20. Qf3 Bf8 21. Bf1 Bb5 22.
Bh3 Be2 23. Qxe2 Rxc3 24. Ne3 Rac8 25. Bf1 Nc2 26. Nxc2 Rxc2 27. Rd2 R2c3 28.
Qb5 Qxb5 29. Bxb5 Bb4 30. Rdd1 Kf8 31. Kg2 Ke7 32. Bd3 Ba5 33. Bh7 b5 34. Rab1
b4 35. Ra1 f5 36. exf6+ gxf6 37. Bg6 Bb6 38. Rd2 Kd6 39. Re1 Rc1 40. Rxc1 Rxc1
41. Kf3 e5 42. dxe5+ fxe5 43. Be4 d4 44. Rc2 Rxc2 45. Bxc2 Bd8 46. Kg4 Kd5 47.
Kf5 d3 48. Bxd3 Kd4 49. Be4 Kc3 50. Kxe5 Kb2 51. Kd4 Kxa2 52. Kc4 Kb2 53. Bb1
Kxb1 0-1

[Event "ch-FRA Blitz Online Qual"]
[Site "Europe-Chess INT"]
[Date "2020.05.16"]
[Round "11"]
[White "Roque, Gaetan"]
[Black "Demuth, Adrien"]
[Result "0-1"]
[BlackTitle "GM"]
[WhiteElo "2128"]
[BlackElo "2492"]
[WhiteFideId "20666934"]
[BlackFideId "642274"]
[EventDate "2020.05.16"]

1. d4 f5 2. e4 fxe4 3. Nc3 Nf6 4. Bg5 g6 5. f3 d5 6. fxe4 dxe4 7. Bb5+ c6 8. Bc4
Bg7 9. Nge2 Nbd7 10. O-O Nb6 11. Bb3 Nbd5 12. Bxf6 exf6 13. Nxe4 Ne3 14. Qd3
Nxf1 15. Rxf1 Bf5 16. Qc4 Qe7 17. Nd6+ Qxd6 18. Qf7+ Kd8 19. Qxg7 Re8 20. Ng3
Qe7 21. Nxf5 gxf5 22. Qxe7+ Kxe7 23. Rxf5 Rad8 24. c3 Rd6 25. Rh5 Rh8 26. Bc2 h6
27. Kf2 Rd5 28. Rh3 c5 29. Re3+ Kd6 30. dxc5+ Kxc5 31. b4+ Kd6 32. Bb3 Re5 33.
Rf3 Ke7 34. Rg3 Rg5 35. Re3+ Kd7 36. Be6+ Kd6 37. g4 Re8 38. Bf5 Rxe3 39. Kxe3
Ke5 40. c4 b6 41. c5 bxc5 42. bxc5 Kd5 43. h4 Rg7 44. c6 Kxc6 45. Kd4 Kd6 46. a4
Rc7 47. Bd3 Rc1 48. h5 Ra1 49. Bb5 Rg1 50. Ke4 Rxg4+ 51. Kf5 Rg5+ 52. Kxf6 Rxh5
53. Kg6 Rh2 0-1

[Event "ch-FRA Blitz Online Qual"]
[Site "Europe-Chess INT"]
[Date "2020.05.16"]
[Round "11"]
[White "Parligras, Mircea-Emilian"]
[Black "Rakotomaharo, Fy Antenaina"]
[Result "0-1"]
[WhiteTitle "GM"]
[BlackTitle "IM"]
[WhiteElo "2591"]
[BlackElo "2422"]
[WhiteFideId "1204297"]
[BlackFideId "13100050"]
[EventDate "2020.05.16"]

1. d4 Nf6 2. c4 g6 3. Nc3 d5 4. cxd5 Nxd5 5. e4 Nxc3 6. bxc3 Bg7 7. Nf3 c5 8. h3
Nc6 9. Be3 O-O 10. Be2 Qa5 11. O-O Qxc3 12. Rc1 Qa3 13. Rxc5 Rd8 14. d5 Ne5 15.
Nd4 Qxc5 16. Ne6 Qd6 17. Nxd8 Qxd8 18. f4 Nd7 19. e5 Nb6 20. Bf3 Bd7 21. Qb3 Rc8
22. Bf2 Qc7 23. Rd1 Ba4 24. Bxb6 Bxb3 25. Bxc7 Bxd1 26. d6 exd6 27. exd6 Ba4 28.
Bxb7 Re8 29. Kf2 Bd4+ 30. Kf3 h5 31. g4 Re3+ 32. Kg2 h4 33. Bc8 Bb6 34. Kf2 Rd3+
35. Ke2 Bb5 36. a4 Rxd6+ 37. axb5 Bxc7 0-1

[Event "ch-FRA Blitz Online Qual"]
[Site "Europe-Chess INT"]
[Date "2020.05.16"]
[Round "11"]
[White "Arnaudov, G. Petar"]
[Black "Ioannidis, Evgenios"]
[Result "0-1"]
[WhiteTitle "GM"]
[BlackTitle "IM"]
[WhiteElo "2471"]
[BlackElo "2401"]
[WhiteFideId "2907127"]
[BlackFideId "4229274"]
[EventDate "2020.05.16"]

1. Nf3 c5 2. c4 Nc6 3. d4 cxd4 4. Nxd4 Nf6 5. Nc3 e6 6. a3 d5 7. cxd5 Nxd5 8.
Nxc6 bxc6 9. Bd2 Be7 10. Qc2 O-O 11. e4 Nb6 12. Be2 e5 13. O-O Be6 14. Na4 Nxa4
15. Qxa4 Qb6 16. Qc2 Bc5 17. Rac1 Bd4 18. b4 Rfc8 19. Bc4 c5 20. b5 a6 21. a4
axb5 22. axb5 Ra3 23. Kh1 Rb8 24. Rb1 Bxc4 25. Qxc4 Qe6 26. Qxe6 fxe6 27. f4 Ra2
28. Bc1 c4 29. fxe5 Bxe5 30. Be3 c3 31. b6 Re2 32. Rfe1 c2 33. Rbc1 Rxe3 34.
Rxe3 Bf4 35. Rc3 Bxc1 36. Rxc2 Be3 37. Rc6 Rxb6 0-1

[Event "ch-FRA Blitz Online Qual"]
[Site "Europe-Chess INT"]
[Date "2020.05.16"]
[Round "11"]
[White "Maze, Sebastien"]
[Black "Suarez Uriel, Adrian"]
[Result "1-0"]
[WhiteTitle "GM"]
[BlackTitle "IM"]
[WhiteElo "2557"]
[BlackElo "2340"]
[WhiteFideId "613762"]
[BlackFideId "22230874"]
[EventDate "2020.05.16"]

1. d4 Nf6 2. Nf3 g6 3. Bg5 Bg7 4. Nbd2 O-O 5. e4 d5 6. exd5 Qxd5 7. Bc4 Qa5 8.
O-O c6 9. Re1 Qc7 10. c3 Bf5 11. Bh4 b5 12. Bg3 Qb7 13. Bb3 a5 14. a3 a4 15. Ba2
Na6 16. Nh4 Bg4 17. Qc2 Nd5 18. h3 Be6 19. Ne4 Rac8 20. Ng5 Bd7 21. Qe2 Rce8 22.
Nhf3 c5 23. dxc5 Nxc5 24. Rad1 Nb3 25. Ne5 Bf5 26. Ngf3 f6 27. Bxb3 axb3 28. Nd3
e5 29. Nc5 Qf7 30. Ne4 Nc7 31. Nd6 Qe6 32. Nxe8 Qxe8 33. Nd4 exd4 34. Bxc7 Qxe2
35. Rxe2 dxc3 36. bxc3 Bc2 37. Rc1 f5 38. Rexc2 bxc2 39. Rxc2 Rc8 40. Ba5 Rc4
41. Bb4 Kf7 42. Kf1 Ke6 43. Ke2 h5 44. Kd3 Kd5 45. f3 g5 46. a4 bxa4 47. Ra2 Rc8
48. Rxa4 g4 49. hxg4 fxg4 50. Ra5+ Ke6 51. Rxh5 gxf3 52. gxf3 Rd8+ 53. Ke4 Rc8
54. Kd3 Rd8+ 55. Kc2 Be5 56. Rh6+ Kf5 57. Rh7 Rg8 58. Rf7+ Ke6 59. Rf8 Rxf8 60.
Bxf8 Kf5 61. Bh6 Kg6 62. Be3 Kh5 63. Kd3 Kh4 64. c4 Kg3 65. Ke4 Bc7 66. c5 Bb8
67. f4 Kg4 68. f5 Bc7 69. c6 1-0

[Event "ch-FRA Blitz Online Qual"]
[Site "Europe-Chess INT"]
[Date "2020.05.16"]
[Round "11"]
[White "Tokhirjonova, Gulrukhbegim"]
[Black "Guliyev, Namig"]
[Result "1-0"]
[WhiteTitle "WGM"]
[BlackTitle "GM"]
[WhiteElo "2378"]
[BlackElo "2529"]
[WhiteFideId "14203626"]
[BlackFideId "13400363"]
[EventDate "2020.05.16"]

1. e4 c5 2. Nf3 d6 3. d4 cxd4 4. Nxd4 Nf6 5. Nc3 a6 6. h3 e6 7. g4 Be7 8. Be3
Nfd7 9. g5 b5 10. a3 Bb7 11. h4 Nc6 12. f4 Rc8 13. Qf3 Nxd4 14. Bxd4 e5 15. Be3
Rxc3 16. bxc3 Qc7 17. Bd2 exf4 18. Qxf4 O-O 19. Bg2 Ne5 20. O-O f6 21. Qg3 Kh8
22. Kh1 Re8 23. a4 bxa4 24. Rxa4 Bc6 25. Raa1 Bb5 26. Rf5 Qd8 27. Re1 a5 28. Bc1
a4 29. Bf1 Bc6 30. c4 g6 31. Rf2 fxg5 32. hxg5 Bf8 33. Bg2 Bg7 34. Ref1 Nxc4 35.
Rf7 Ne5 36. Ra7 Qb8 37. Be3 Rf8 38. Rxf8+ Qxf8 39. Bd4 Qb8 40. Qf4 Qb1+ 41. Kh2
Qb8 42. Rxg7 Kxg7 43. Bh3 Qd8 44. Bxe5+ dxe5 45. Qxe5+ Kf8 46. Qh8+ Ke7 47. Qf6+
Ke8 48. Qxc6+ Kf7 49. Qe6+ Kg7 50. Qe5+ Kf7 51. Be6+ Kf8 52. Qh8+ Ke7 53. Qxd8+
Kxd8 54. Ba2 Ke7 55. Kg3 Kd6 56. Kf4 Kc5 57. e5 1-0